| 000 | 00722nam a22001937a 4500 | ||
|---|---|---|---|
| 003 | OSt | ||
| 005 | 20201030144819.0 | ||
| 008 | 201016b 1997 a c 00| 0 eng d | ||
| 040 |
_aDO-SdBNP _bspa _cBNPHU |
||
| 100 | 1 |
_aLuciano, Olga _99616 |
|
| 245 | 1 | 0 |
_aSindicalismo y democracia I y II / _cedición y redacción de texto Olga Luciano y Nélsida Marmolejos ; introducción Epifanio López Valenzuela. |
| 260 |
_aSanto Domingo : _bPublicaciones CTU-PID, _c1997. |
||
| 300 |
_a137 p. : _bil., retrs. ; _c21 cm. |
||
| 500 | _aIncluye notas al pie de las páginas. | ||
| 700 | 1 |
_aMarmolejos, Nélsida _916080 |
|
| 700 | 1 |
_a López Valenzuela, Epifanio, _eintroducción _976949 |
|
| 942 |
_2ddc _cLBS1 |
||
| 956 | _aLOPEREZ | ||
| 999 |
_c48915 _d48915 |
||